Giáo trình sinh học tế bào : Dùng cho sinh viên Cao đẳng, Đại học chuyên ngành sinh học, Công nghệ sinh học, Nông - lâm - Ngư nghiệp và Giáo viên Sinh học phổ thông

में बचाया:
ग्रंथसूची विवरण
मुख्य लेखक:  Nguyễn Như Hiền
स्वरूप: Sách
भाषा:Undetermined
प्रकाशित:  Giáo dục Việt Nam  2010
विषय:
टैग : टैग जोड़ें
कोई टैग नहीं, इस रिकॉर्ड को टैग करने वाले पहले व्यक्ति बनें!
Thư viện lưu trữ: Trung tâm Thư viện - Trường Đại học Công nghiệp TP. Hồ Chí Minh
LEADER 00722nam a2200157Ia 4500
001 UIH_03452
008 231011s9999 xx 000 0 und d
082 |a  571.6 
100 |a  Nguyễn Như Hiền 
245 0 |a  Giáo trình sinh học tế bào : Dùng cho sinh viên Cao đẳng, Đại học chuyên ngành sinh học, Công nghệ sinh học, Nông - lâm - Ngư nghiệp và Giáo viên Sinh học phổ thông 
245 0 |c  Nguyễn Như Hiền 
260 |b  Giáo dục Việt Nam 
260 |c  2010 
650 |a  Tế bào học; Sinh vật học;  
927 |a Sách 
980 |a Trung tâm Thư viện - Trường Đại học Công nghiệp TP. Hồ Chí Minh